| 000 | 00766nam a2200181Ia 4500 | ||
|---|---|---|---|
| 008 | 100920s9999 xx 000 0 und d | ||
| 082 |
_b107956 _a28 व 891 न 09 |
||
| 100 | _aगोखले मंजुश्री. | ||
| 245 | _aजुन्या इसापच्या नव्या गोष्टी. | ||
| 260 |
_bविद्याभारती प्रकाशन,लातूर. _c2009 |
||
| 300 |
_a63 _bसाधी |
||
| 365 | _b20 | ||
| 520 | _aबा.वि.लघुकथा. | ||
| 630 | _aजुन्या इसापच्या नव्या गोष्टी. | ||
| 650 | _aबा.वि.लघुकथा. | ||
| 730 | _aजुन्या इसापच्या नव्या गोष्टी. | ||
| 942 | _cBOOK | ||
| 999 |
_c748380 _d748377 |
||